000 00949nam a2200253Ia 4500
003 OSt
005 20220923212503.0
006 a|||||r|||| 00| 0
007 ta
008 220922b |||||||| |||| 00| 0 hin d
024 _a153,467
037 _cTextual
040 _aARTS
_cARTS
_bhin
041 _2hin
_ahin
082 _aO1520m31,1:g, K9
100 _aराजगोपालन, न व
_9162546
245 0 _aतमिल और हिन्दी के काव्य शास्त्रांे का तुलनात्मक अध्ययन
246 _aTamil aur hindī ke kāvya shāstrāane kā tulanātmak adhyayana
260 _aदिल्ली
_b आर्य बुक डिपो
_c1969
300 _a236 पृ.
_ccm.
650 _aसंस्कृत साहित्य
942 _hO1520m31,1:g, K9
_cTEXL
_2CC
999 _c309110
_d309110